Ghost girl (Record no. 1536)

MARC details
000 -LEADER
fixed length control field 00542nam a22002177a 4500
005 - DATE AND TIME OF LATEST TRANSACTION
control field 20241218103644.0
008 - FIXED-LENGTH DATA ELEMENTS--GENERAL INFORMATION
fixed length control field 241218b |||||||| |||| 00| 0 eng d
020 ## - INTERNATIONAL STANDARD BOOK NUMBER
International Standard Book Number 9781788542999
020 ## - INTERNATIONAL STANDARD BOOK NUMBER
International Standard Book Number 9781781857663
040 ## - CATALOGING SOURCE
Original cataloging agency KMU
Transcribing agency KMU
Modifying agency KMU
Description conventions rda
050 ## - LIBRARY OF CONGRESS CALL NUMBER
Classification number PZ7.H9636
100 ## - MAIN ENTRY--PERSONAL NAME
Personal name Thomson Lesley
245 ## - TITLE STATEMENT
Title Ghost girl
Remainder of title /
Statement of responsibility, etc. Lesley Thomson
260 ## - PUBLICATION, DISTRIBUTION, ETC.
Place of publication, distribution, etc. UK:
Name of publisher, distributor, etc. Head of Zeus Ltd,
Date of publication, distribution, etc. 2014.
300 ## - PHYSICAL DESCRIPTION
Extent 466 P.:
Dimensions 19cm.
500 ## - GENERAL NOTE
General note Includes a preview
650 ## - SUBJECT ADDED ENTRY--TOPICAL TERM
Topical term or geographic name entry element Mystery
650 ## - SUBJECT ADDED ENTRY--TOPICAL TERM
Topical term or geographic name entry element ghost
650 ## - SUBJECT ADDED ENTRY--TOPICAL TERM
Topical term or geographic name entry element Killer
942 ## - ADDED ENTRY ELEMENTS (KOHA)
Source of classification or shelving scheme Library of Congress Classification
Koha item type Fiction
Suppress in OPAC No
Holdings
Withdrawn status Lost status Source of classification or shelving scheme Damaged status Not for loan Collection Home library Current library Shelving location Date acquired Total Checkouts Full call number Barcode Date last seen Price effective from Koha item type
    Library of Congress Classification     Fiction Kapasa Makasa University Kapasa Makasa University Open Access 18.12.2024   PZ7.H9636 Tho 300896 18.12.2024 18.12.2024 Fiction
    Library of Congress Classification     Fiction Kapasa Makasa University Kapasa Makasa University Open Access 18.12.2024   PZ7.H9636 Tho 300895 18.12.2024 18.12.2024 Fiction